Il Diavolo Al Pontelungo
Saved in:
| Hovedforfatter: | |
|---|---|
| Format: | Bog |
| Sprog: | ukendt sprog |
| Udgivet: |
Arnoldo Mondatore
|
| Tags: |
Ingen Tags, Vær først til at tagge denne postø!
|
MARC
| LEADER | 00000nam a2200000Ia 4500 | ||
|---|---|---|---|
| 001 | R-799 | ||
| 003 | CODICE-MESSINA | ||
| 005 | 20260212102457.0 | ||
| 008 | 260211s9999 xx 000 0 und d | ||
| 040 | |c importazione_messina | ||
| 100 | |a Riccardo Bacchelli | ||
| 245 | 0 | |a Il Diavolo Al Pontelungo | |
| 260 | |b Arnoldo Mondatore | ||
| 942 | |2 ddc |c BK | ||
| 952 | |0 0 |1 0 |2 ddc |4 0 |6 SCAFFALE_6_000000000000000__ROMANZI |7 0 |9 31626 |a ME |b ME |d 2026-02-11 |l 0 |o SCAFFALE 6 - ROMANZI |p R-799 |r 2026-02-11 23:52:40 |w 2026-02-11 |x [REVISIONARE] |y BK | ||
| 999 | |c 27291 |d 27291 | ||